000 00694nam a2200217 i 4500
001 115415
003 ES-MaACL
005 20250825062555.0
007 t|
008 070308s1931 sp ||||1| spa d
080 _a821.134.2-23"18"
100 1 _aTamayo y Baus, Manuel.
_9109165
245 1 3 _aLa ricahembra
_b: drama en cuatro actos /
_cManuel Tamayo y Baus.
260 _aMadrid :
_bPrensa Moderna,
_c1931.
300 _a90 p. ;
_c17 cm.
490 1 _aEl Teatro moderno ;
_v305
500 _aEstrenado en el teatro del Príncipe, de Madrid, el 20 de abril 1854.
830 0 3 _aEl teatro moderno (Prensa Moderna)
_v305
_9182365
852 _aES-MaACL
_jC-13144
999 _c115415
_d115415